El ascenso de los principios en la prc̀tica constitucional

Detalles Bibliográficos
Autor principal: Grǹdez Castro, Pedro P.
Formato: eBook
Lenguaje:español
Publicado: Lima: Palestra Editores, 2016
Materias:
Acceso en línea:Acceso restringido

MARC

LEADER 00000nam a22000007a 4500
005 20190815132140.0
007 cr|||| ||||
008 190815s2016 pe |||||s|||| 00||0 spa d
020 |a 978-612-4218-44-6 
035 |a 24075 
040 |a vLex 
090 |c 9206  |d 9206 
100 1 |a Grǹdez Castro, Pedro P. 
245 1 2 |a El ascenso de los principios en la prc̀tica constitucional  |h [Recurso electrn̤ico] /  |c Pedro P. Grǹdez Castro 
256 |a Servicio en ln̕ea 
260 |a Lima:  |b Palestra Editores,  |c 2016 
300 |a 1 recurso electrn̤ico 
506 1 |a Disponible solo en los productos indicados  |d vLex Global  |d vLex Global (Academic Edition, excluding Law Schools)  |d vLex Global (U.S. Academic Edition, Law Schools)  |d vLex Global (U.S. Academic Edition, excluding Law Schools)  |d vLex Global (Academic Edition, Law Schools) 
650 0 4 |a Derecho Constitucional  |z Per︢ 
740 0 |a vLex Libros (Servicio en ln̕ea) 
856 4 0 |u http://vlex.com/source/ascenso-principios-practica-constitucional-24075  |z Acceso restringido 
942 |c BOOK 
999 0 |a Constitutional right